000 01512nam a2200397 a 4500
001 000108854
003 CHAP
005 20220329144027.0
008 140317s2013 mx sm |||||||spa d
010 _a105316
011 _a106288
040 _cCHAP
090 _aTesis
100 1 _aMendoza Ramírez, Jairo
_9125914
245 1 0 _aComportamiento productivo y análisis económico parcial de tres grupos raciales de ovinos alimentados con raciones ricas en granos
_h[En línea]
_cJairo Mendoza Ramírez y Pablo Moreno Tapia.
260 _aChapingo, Méx. :
_bEl autor,
_c2013.
500 _aPara ver el contenido del material haga clic en la liga
502 _aTesis (Ing. Agr. Esp. en Zootecnia) -- UACH. Departamento de Zootecnia
590 _aBATCH-UPD
_b05
_c20140324
_lUCH01
_h1536
590 _aBATCH-UPD
_b05
_c20141002
_lUCH01
_h0858
590 _aE6096MTM
_b05
_c20140317
_lUCH01
_h0950
590 _aE6096MTM
_b05
_c20140317
_lUCH01
_h0950
590 _aE6096MTM
_b05
_c20140317
_lUCH01
_h0951
650 1 4 _aEvaluación.
_938913
650 1 4 _aGanado lanar
_xAlimentación.
_945153
650 1 4 _aGanado lanar
_xAspectos económicos.
_945157
650 1 4 _aGanado lanar
_xNutrición.
_945205
650 1 4 _aGanado lanar
_xPeso.
_945211
650 1 4 _aGanado lanar
_xProducción.
_945214
650 1 4 _aGanado lanar
_xRazas.
_945218
700 1 _aMoreno Tapia, Pablo
_9125915
856 _aFinding aid
_uhttp://10.13.5.2/tesis/sist108854.pdf
_zTeclea aquí
901 _aBK
942 _cTESIS
942 _n0
999 _c105316
_d105316